| 000 | 00833nam2a22002411 4500 | ||
|---|---|---|---|
| 001 | RU\NLR\INFOCOMM34\5000000654 | ||
| 005 | 20250616234100.0 | ||
| 035 | _a(NLR Aleph) 002286816 | ||
| 090 |
_a4094979 _c4094979 |
||
| 100 | _a20060124d2004 |||y0rusy50 ca | ||
| 101 | 0 | _arus | |
| 102 | _aRU | ||
| 105 | _ay ||||000|y | ||
| 200 | 0 | _aТ. 2, № 1 | |
| 210 |
_d2004 _aБ. м. |
||
| 461 | 0 |
_1001RU\NLR\INFOCOMM34\5000000652 _12001#$aНелинейный мир$eНауч.-техн. и теорет. журн.$vТ. 2, № 1 _93048860 _cМ. _d2003 - _nРадиотехника _oНауч.-техн. и теорет. журн. _tНелинейный мир _x2070-0970 _vТ. 2, № 1 |
|
| 801 | 1 |
_aRU _bInfoComm _c20060124 |
|
| 801 | 0 |
_aRU _bNLR _gPSBO |
|
| 852 |
_aNLR _jП8/1612 |
||
| 942 | _cISSUE | ||
| 980 | _aNB | ||
| 980 | _aRUSPER | ||